LEADER 00981nam a2200229 i 4500 001 000000241794 003 CaOOAMICUS 005 20150518000000.0 008 150518s1946 it u000 u ita u 013 $a220699 040 $aSeMil$bita 100 1 $aCaboara, Lorenzo.$0(OLS)http://semarc/name/2265 245 10$aDemocrazia e libertà nel pensiero di Alexis De Tocqueville /$cLorenzo Caboara. 246 04$iTitolo in copertina:$aTocqueville 260 $aMilano :$bUlrico Hoepli,$cstampa 1946. 300 $aXXXVII, 334 p. ;$c19 cm. 600 14$aTocqueville, Alexis : de <1805-1859>.$0(OLS)http://semarc/subject/9706 850 $aSeMil 852 $aSeMil$W1$xVenegono$y1$m3N III 314$j192140$B192140$CSeMilBibl$Z2$F202948 $81 996 $6245$aDemocrazia e libertà nel pensiero di Alexis De Tocqueville$9(OLS)http://semarc/title/343579 996 $6246$aTocqueville$9(OLS)http://semarc/title/343580 996 $6260$aMilano :$bUlrico Hoepli$9(OLS)http://semarc/publisher/29765 LEADER 00920nam a2200241 i 4500 001 000000207232 003 CaOOAMICUS 005 20111025000000.0 008 111025s1966 it u000 u ita u 013 $a186008 040 $aSeMil$bita 100 1 $aMorton, Frederic.$0(OLS)http://semarc/name/74422 240 14$aThe Rothschilds.$0(OLS)http://semarc/title/299706 245 12$aI favolosi Rothschild /$cFrederic Morton. 260 $aMilano :$bRizzoli,$c1966 (copyr. 1963) 300 $a252 p., [1] c. ripieg. ;$c21 cm. 490 0 $aJolly 650 4$aRothschild .$0(OLS)http://semarc/subject/38134 830 0$aJolly.$0(OLS)http://semarc/title/34529 850 $aSeMil 852 $aSeMil$W1$xVenegono$y1$m3U IV 208$j157695$B157695$CSeMilBibl$Z2$F168945 $81 996 $6245$aI favolosi Rothschild$9(OLS)http://semarc/title/299705 996 $6260$aMilano :$bRizzoli$9(OLS)http://semarc/publisher/29824